Harry Potter Name Chain Quiz - Statistics

General Stats
  • This quiz has been taken 801 times
  • The average score is 12 of 15
Answer Stats
Hint Answer % Correct
The Boy Who Lived Harry Potter
100%
His little sister Ginny Weasley
92%
His best friend Ron Weasley
92%
Her date to the Yule ball Neville Longbottom
89%
His school Hogwarts
88%
Her master Lord Voldemort
88%
The only person he was scared of Albus Dumbledore
87%
The horcrux he destroyed Nagini
86%
The schools hat The sorting hat
81%
Which house was Hermione Granger in Gryffindor
77%
Which house was Cedric Diggory in Hufflepuff
77%
Which house was Luna Lovegood in Ravenclaw
77%
What houses does it sort you into Gryffindor, Ravenclaw, Hufflepuff, Slytherin
71%
What it does Sorts
63%
What is something about it Brave, Smart, Loyal, Cunning
1%
No matching quizzes found
Score Distribution
Percent of People with Each Score
Percentile by Number Answered
Your Score History
You have not taken this quiz